Normal view
MARC view
- Taxation.
Entry Topical Term
001 - CONTROL NUMBER
- control field: 43076
003 - CONTROL NUMBER IDENTIFIER
- control field: OSt
005 - DATE AND TIME OF LATEST TRANSACTION
- control field: 20210408114449.0
008 - FIXED-LENGTH DATA ELEMENTS
- fixed length control field: 210408|| aca||aabn | a|a d
040 ## - CATALOGING SOURCE
- Original cataloging agency: OSt
- Transcribing agency: OSt
150 ## - HEADING--TOPICAL TERM
- Topical term or geographic name entry element: Taxation.
670 ## - SOURCE DATA FOUND
- Source citation: Work cat.: (OSt): Whitehead, Jr. Roy. 43075, The IRS and the 'responsible person' for paying employment taxes: , ©2011.
